| 000 | 00799cam a22002535a 4500 | ||
|---|---|---|---|
| 001 | 017534492 | ||
| 003 | OSt | ||
| 005 | 20161012145013.0 | ||
| 008 | 150722s2016 enka frdb 001 0 eng d | ||
| 020 | _a0128023031 | ||
| 020 | _a9780128023037 | ||
| 040 |
_aStDuBDS _beng _cStDuBDS _epn _dEG-ScBUE |
||
| 082 | 0 | 4 |
_222 _a332.63221 _bKUM |
| 100 | 1 |
_aKumar, Rajesh, _940708 |
|
| 245 | 1 | 0 |
_aValuation : _btheories and concepts / _cRajesh Kumar. |
| 260 |
_aLondon : _bAcademic Press / Elsevier, _cc.2016. |
||
| 300 |
_axvi, 499 p. : _bill. ; _c24 cm. |
||
| 500 | _aIndex : p. 488-499. | ||
| 500 | _aGlossary : p. 473-478. | ||
| 504 | _aIncludes bibliographical references. | ||
| 650 | 7 |
_aValuation. _2BUEsh _936760 |
|
| 653 |
_bBUSADM _cAugust 2016 _cOctober2016 |
||
| 942 |
_2ddc _e22 _k332.63221 KUM |
||
| 999 |
_c22151 _d22123 |
||